1322 1036 1644 1208 1058 1733 1682 1996 1356 1827 1313 1032 1615 1128 1177 1462 1763 1607 1160 1417 1278 1742 1056 1943 1605 1265 1330 1202 1224 1978 1698 1901 1938 1867 1323 1316 1433 1562 1795 1903 1273 1317 1466 1549 1850 1091 1966 1008 1500 1001 1159 1424 1375 1082 1489 1568 1153 1365 1405 1309 1440 1804 1392 1310 1688 1715 1629 1441 1123 1173 1509 1374 1627 1282 1654 1287 1993 1501 1903 1276 1122 1439 1129 1755 1402 1865 1670 1574 1979 1328 1448 1727 1707 1825 1038 1200 1091 1912 1518 BCNSPRNW ULIB Ver.6.0+V

เปลี่ยนเป็นภาษาไทย

Change to English
 แสดงรายละเอียดบรรณานุกรม
  กลับหน้าหลัก

Brief Record : Get Marc (ISO 2709) : E-mail record : QR code < ปิดหน้าต่าง
LEADER : 00000nam 2200000uu 4500
001    13399122760
003     ULIB
008    120928s2550||||th 000 0 tha d
020    ^a9741105452
060 04 ^aWY152^bพ587ก ล.2
100    ^aพัสมณฑ์ คุ้มทวีพร
245 10 ^aการพยาบาลผู้ใหญ่และผู้สูงอายุ 2 /^cพัสมณฑ์ คุ้มทวีพร
250    ^aพิมพ์ครั้งที่ 1
260    ^aกรุงเทพฯ :^bโรงพิมพ์ฮายานุสะ กราฟฟิก, ^c2550
300    ^a328 หน้า :^bภาพประกอบ ;^c26 ซม.
650  7 ^aการพยาบาล^xในวัยชรา
650  7 ^aการพยาบาล^xในวัยผู้ใหญ่
650  7 ^aการพยาบาลผู้สูงอายุ
650  7 ^aผู้สูงอายุ^xการดูแล
945    ^p0^l0^i15170
995    ^aทศพร
999 ^a ใช้งานได้ทุกระบบ
รายการนี้ยังไม่มีแท็ก
คุณยังไม่ได้ล็อกอิน คุณสามารถมีกิจกรรมร่วมกับเว็บไซต์ได้ แต่ต้องล็อกอินก่อน ::
  ล็อกอิน

รายการสื่อสารสนเทศ

ลำดับที่ ประเภท เลขเรียก/บาร์โค้ด สถานที่ สถานะ
1. Book การพยาบาล
Book การพยาบาล
WY152 พ587ก ล.2 ฉ.1 
  Barcode: 15170
ห้องสมุดวิทยาเขตนครสวรรค์
►ส่วนจัดเก็บหนังสือเก่า นว.
บนชั้น
  ขอยืม

รายการใกล้เคียง
    ผู้แต่ง [พัสมณฑ์ คุ้มทวีพร]

    หัวเรื่อง [การพยาบาลผู้สูงอายุ]
    หัวเรื่อง [ผู้สูงอายุ การดูแล]

BibComment


ยังไม่เคยถูกคอมเมนท์

คอมเมนท์ทรัพยากรรายการนี้
  คอมเมนท์: การพยาบาลผู้ใหญ่..


 Copyright 2026. Bcnsprnw @Library